| 000 | 00672nmc a2200229 a 4500 | ||
|---|---|---|---|
| 003 | AR-BaBNM | ||
| 005 | 20251128203012.0 | ||
| 008 | 127019s1987 ||||||||||||||000 | spa|| | ||
| 040 | _cAR-BaBNM | ||
| 100 | 1 | _aSantaló, Luis Antonio | |
| 245 | 1 | 0 | _aLa enseñanza de las ciencias en la escuela media |
| 260 |
_aBuenos Aires _bDocencia _c1987 |
||
| 300 | 0 | _a23 p. | |
| 490 | 0 |
_aCongreso Pedagógico. Compromiso y creatividad _vv. 76 |
|
| 650 | 4 | _aENSEÑANZA DE LA CIENCIA | |
| 650 | 4 | _aENSENANZA DE LAS MATEMATICAS | |
| 650 | 4 | _aLIBROS DE TEXTO | |
| 653 | 0 | _aEDUCACION SECUNDARIA | |
| 800 | 1 |
_aGómez de Mier, Eugenio _ecoordinador |
|
| 942 | _cBK | ||
| 998 | _cSILVI | ||
| 999 |
_c1466 _d1466 |
||